Statistics for NBA Biggest Rookie Endorsement Deals

Click here to take the quiz!

General Stats

  • This quiz has been taken 25 times
  • The average score is 4 of 5

Answer Stats

AmountYearsCompanyAnswer% Correct
$93,000,000.007NikeLeBron James
100%
$2,500,000.00(Biggest at that time)5NikeMichael Jordan
95%
$48,000,000.006AdidasKobe Bryant
86%
$60,000,000.007NikeKevin Durant
82%
$50,000,000.0010ReebokAllen Iverson
45%

Score Distribution

Percentile by Number Answered

Percent of People with Each Score

Your Score History

You have not taken this quiz